[Event "Heusenstamm Sparkassen op-A 2nd"]
[Site "Heusenstamm"]
[Date "2015.11.28"]
[Round "4"]
[White "Neubauer, Robert"]
[Black "Wolff, Peter"]
[Result "0-1"]
[WhiteElo "1810"]
[BlackElo "1957"]
[PlyCount "136"]
[EventDate "2015.11.26"]
[EventType "swiss"]
[EventRounds "7"]
[EventCountry "GER"]
[SourceTitle "EXT 2018"]
[Source "ChessBase"]
[SourceDate "2017.10.13"]
[SourceVersion "1"]
[SourceVersionDate "2017.10.13"]
[SourceQuality "1"]

1. e4 c6 2. d4 d5 3. Nc3 dxe4 4. Nxe4 Bf5 5. Ng3 Bg6 6. Nf3 Nd7 7. Be2 e6 8. Bf4 Ngf6 9. Nh4 Nd5 10. Nxg6 hxg6 11. Bd2 Qb6 12. c4 N5f6 13. Bc3 Bb4 14. Qd2 Bxc3 15. Qxc3 a5 16. 0-0 g5 17. h3 Rh4 18. Rfd1 g4 19. hxg4 Nxg4 20. Ne4 Ke7 21. g3 Qc7 22. d5 Rah8 23. Bxg4 Rh1+ 24. Kg2 R8h2+ 25. Kf3 Ne5+ 26. Ke2 Rxd1 27. Rxd1 cxd5 28. Qa3+ Ke8 29. Qa4+ Qc6 30. Nd6+ Kd7 31. Nxb7 Qxa4 32. Nc5+ Kc6 33. Nxa4 Nxg4 34. cxd5+ exd5 35. Kf3 Nxf2 36. Rc1+ Kd6 37. Rc5 Nd3 38. Rxa5 Nxb2 39. Ra6+ Ke5 40. Nc5 d4 41. Ne4 d3 42. Ra7 Ke6 43. Ra6+ Ke5 44. Ra7 f6 45. Rxg7 d2 46. Nxd2 Rxd2 47. Re7+ Kf5 48. Re2 Rd3+ 49. Re3 Rd4 50. Ra3 Nc4 51. Ra8 Rd3+ 52. Kf2 Rd2+ 53. Kf3 Ne5+ 54. Ke3 Rg2 55. a4 Rxg3+ 56. Kf2 Ra3 57. Ra6 Ke4 58. Ra8 f5 59. a5 f4 60. a6 Ra2+ 61. Kf1 f3 62. Rb8 Rxa6 63. Rb4+ Ke3 64. Rb3+ Nd3 65. Rb1 Rh6 66. Kg1 f2+ 67. Kg2 Rg6+ 68. Kh2 Kf3 0-1

[Event "Heusenstamm Sparkassen op-A 2nd"]
[Site "Heusenstamm"]
[Date "2015.11.27"]
[Round "2"]
[White "Laufenburg, Frank"]
[Black "Wolff, Peter"]
[Result "0-1"]
[WhiteElo "1768"]
[BlackElo "1957"]
[PlyCount "48"]
[EventDate "2015.11.26"]
[EventType "swiss"]
[EventRounds "7"]
[EventCountry "GER"]
[SourceTitle "EXT 2018"]
[Source "ChessBase"]
[SourceDate "2017.10.13"]
[SourceVersion "1"]
[SourceVersionDate "2017.10.13"]
[SourceQuality "1"]

1. Nf3 d5 2. c4 c6 3. e3 Nf6 4. Nc3 Bg4 5. cxd5 cxd5 6. Qa4+ Bd7 7. Qb3 Bc6 8. d4 Nbd7 9. Bd3 e6 10. 0-0 Bd6 11. Nb5 Be7 12. Bd2 a6 13. Nc3 0-0 14. Rac1 Ne4 15. Qc2 f5 16. Ne5 Rc8 17. f3 Nxd2 18. Qxd2 Nxe5 19. dxe5 Qb6 20. Nd1 Bb4 21. Qe2 Rfd8 22. Kh1 d4 23. a3 Be7 24. b4 Bxf3 0-1

[Event "Heusenstamm Sparkassen op-A 2nd"]
[Site "Heusenstamm"]
[Date "2015.11.26"]
[Round "1"]
[White "Wolff, Peter"]
[Black "Feller, Sebastien"]
[Result "0-1"]
[WhiteElo "1957"]
[BlackElo "2619"]
[PlyCount "72"]
[EventDate "2015.11.26"]
[EventType "swiss"]
[EventRounds "7"]
[EventCountry "GER"]
[SourceTitle "CBM 169 Extra"]
[Source "ChessBase"]
[SourceDate "2015.12.18"]
[SourceVersion "1"]
[SourceVersionDate "2015.12.18"]
[SourceQuality "1"]

1. c4 g6 2. g3 Bg7 3. Bg2 Nf6 4. Nf3 0-0 5. 0-0 d6 6. Nc3 e5 7. d3 c6 8. h3 Nbd7 9. e4 Nc5 10. Be3 Qe7 11. Qd2 a5 12. b3 Bd7 13. Rac1 b5 14. cxb5 cxb5 15. Bg5 Ne6 16. Nd5 Qd8 17. Bh4 Ra6 18. Rc2 Re8 19. Rfc1 Nc5 20. Nh2 h6 21. Nxf6+ Bxf6 22. Bxf6 Qxf6 23. Qxh6 Nxd3 24. Rd1 Nb4 25. Rcd2 Rc6 26. Bf1 Rb8 27. Be2 Nc2 28. Nf3 Rbb6 29. Rd5 Be6 30. Rxb5 Rxb5 31. Bxb5 Qxf3 32. Rd3 Qxe4 33. Rd1 Nd4 34. Bd3 Qf3 35. Bxg6 Ne2+ 36. Kh2 Qxf2+ 0-1

[Event "Hessenliga 1516"]
[Site "Germany"]
[Date "2015.09.27"]
[Round "1.6"]
[White "Muth, Matthias Potisarath"]
[Black "Wolff, Peter"]
[Result "0-1"]
[WhiteElo "2048"]
[BlackElo "1975"]
[PlyCount "136"]
[EventDate "2015.09.27"]
[EventType "team-tourn"]
[EventRounds "9"]
[EventCountry "GER"]
[SourceTitle "EXT 2018"]
[Source "ChessBase"]
[SourceDate "2017.10.13"]
[SourceVersion "1"]
[SourceVersionDate "2017.10.13"]
[SourceQuality "1"]
[WhiteTeam "Gelnhausen"]
[BlackTeam "Offenbach"]
[WhiteTeamCountry "GER"]
[BlackTeamCountry "GER"]

1. d4 d5 2. Nf3 Nf6 3. Bf4 c5 4. c3 Nc6 5. e3 Qb6 6. Qb3 c4 7. Qxb6 axb6 8. Na3 Ra5 9. Be2 h6 10. Bc7 Nd7 11. Nd2 e6 12. Ndxc4 dxc4 13. Nxc4 Rg5 14. g3 h5 15. h4 Rg6 16. Bd3 f5 17. e4 Rf6 18. d5 exd5 19. exd5 Na7 20. 0-0-0 b5 21. Rhe1+ Kf7 22. Ne3 g6 23. f4 Bd6 24. Bxd6 Rxd6 25. Bc2 Nc5 26. b4 Ne4 27. Bxe4 fxe4 28. c4 bxc4 29. Nxc4 Ra6 30. Rxe4 Bf5 31. Ne5+ Kf6 32. Re2 Rc8+ 33. Kb2 Nb5 34. Rc1 Rxa2+ 35. Kxa2 Rxc1 36. Rd2 Rc2+ 37. Rxc2 Bxc2 38. Nd7+ Ke7 39. Nc5 Nd6 40. Kb2 Be4 41. Kc3 Bxd5 42. Kd4 Be6 43. Ke5 Bf5 44. Kd5 Bc2 45. Ke5 b6 46. Na6 Nf5 47. Nc7 Bb3 48. Nb5 Bc4 49. Na7 Kd7 50. Kf6 Ne7 51. b5 Bd3 52. Ke5 Nc8 53. Nc6 Bxb5 54. Nd4 Bd3 55. Kf6 Nd6 56. Kg5 b5 57. Nf3 Nf7+ 58. Kf6 Ke8 59. Nd4 b4 60. Kg7 Nd6 61. Kf6 Nf5 62. Nb3 Nxg3 63. Nc1 Bc2 64. Kg5 Kf7 65. Kh6 Kf6 66. f5 gxf5 67. Kh7 f4+ 68. Kh6 Kf5 0-1

[Event "Arber op 4th"]
[Site "Bayerisch Eisenstein"]
[Date "2015.08.09"]
[Round "9"]
[White "Zenker, Ulrich"]
[Black "Wolff, Peter"]
[Result "1-0"]
[WhiteElo "2207"]
[BlackElo "1975"]
[PlyCount "61"]
[EventDate "2015.08.01"]
[EventType "swiss"]
[EventRounds "9"]
[EventCountry "GER"]
[SourceTitle "EXT 2016"]
[Source "ChessBase"]
[SourceDate "2015.10.08"]
[SourceVersion "1"]
[SourceVersionDate "2015.10.08"]
[SourceQuality "1"]

1. Nf3 d5 2. c4 c6 3. g3 g6 4. Bg2 Bg7 5. c5 e6 6. Nc3 Nf6 7. d4 0-0 8. 0-0 b6 9. e3 bxc5 10. dxc5 Nbd7 11. b4 Ba6 12. Re1 Qb8 13. Bd2 Bb5 14. Nxb5 Qxb5 15. a3 Ne4 16. Ra2 Nxd2 17. Rxd2 Qa4 18. Rd3 e5 19. e4 dxe4 20. Rxe4 f5 21. Re1 Nf6 22. Rd6 e4 23. Ne5 Qxd1 24. Rexd1 Ng4 25. Nxc6 Rf7 26. Rd7 Rxd7 27. Rxd7 e3 28. fxe3 Nxe3 29. Ne7+ Kf8 30. Nd5 Nxd5 31. Bxd5 1-0